|
|
|
|
| LEADER |
00000nlm0a2200000 4500 |
| 001 |
334400 |
| 005 |
20240213114636.0 |
| 035 |
|
|
|a (RuTPU)RU\TPU\book\360548
|
| 035 |
|
|
|a RU\TPU\book\360547
|
| 090 |
|
|
|a 334400
|
| 100 |
|
|
|a 20170809d2017 k y0rusy50 ca
|
| 101 |
0 |
|
|a rus
|
| 102 |
|
|
|a RU
|
| 105 |
|
|
|a a dm 000zy
|
| 135 |
|
|
|a drcn ---uucaa
|
| 181 |
|
0 |
|a i
|
| 182 |
|
0 |
|a b
|
| 200 |
1 |
|
|a Диагностика поперечных профилей электронных и гамма пучков оптическими методами
|e автореферат диссертации на соискание учёной степени кандидата физико-математических наук
|e спец. 01.04.20
|f А. И. Новокшонов
|g Национальный исследовательский Томский политехнический университет (ТПУ) ; науч. рук. А. П. Потылицын
|
| 203 |
|
|
|a Текст
|c электронный
|
| 210 |
|
|
|a Томск
|d 2017
|
| 215 |
|
|
|a 1 файл (1 390 KB)
|
| 300 |
|
|
|a Заглавие с титульного экрана
|
| 300 |
|
|
|a Электронная версия печатной публикации
|
| 452 |
|
1 |
|0 (RuTPU)RU\TPU\book\365825
|t Диагностика поперечных профилей электронных и гамма пучков оптическими методами
|o автореферат диссертации на соискание ученой степени кандидата физико-математических наук
|o спец. 01.04.20
|f А. И. Новокшонов
|g Национальный исследовательский Томский политехнический университет (ТПУ) ; науч. рук. А. П. Потылицын
|c Томск
|n [Б. и.]
|d 2017
|p 22 с.
|a Новокшонов, Артем Игоревич
|
| 606 |
1 |
|
|a Ускорители заряженных частиц
|x (ядерная физика)
|2 stltpush
|3 (RuTPU)RU\TPU\subj\71272
|9 85241
|
| 610 |
1 |
|
|a электронный ресурс
|
| 610 |
1 |
|
|a авторефераты диссертаций
|
| 610 |
1 |
|
|a труды учёных ТПУ
|
| 610 |
1 |
|
|a диагностика
|
| 610 |
1 |
|
|a профили
|
| 610 |
1 |
|
|a электронные пучки
|
| 610 |
1 |
|
|a оптические методы
|
| 610 |
1 |
|
|a оптическая диагностика
|
| 610 |
1 |
|
|a помехозащищенность
|
| 610 |
1 |
|
|a излучение Вавилова-Черенкова
|
| 610 |
1 |
|
|a медицинские ускорители
|
| 610 |
1 |
|
|a пучки электронов
|
| 610 |
1 |
|
|a оптические фиберы
|
| 610 |
1 |
|
|a интерферометры
|
| 610 |
1 |
|
|a циклические ускорители
|
| 610 |
1 |
|
|a поперечные профили
|
| 675 |
|
|
|a 539.1.07(04)
|v 3
|
| 686 |
|
|
|a 01.04.20
|2 oksvnk
|
| 700 |
|
1 |
|a Новокшонов
|b А. И.
|c специалист в области неразрушающего контроля
|c инженер Томского политехнического университета
|f 1990-
|g Артем Игоревич
|3 (RuTPU)RU\TPU\pers\32960
|
| 702 |
|
1 |
|a Потылицын
|b А. П.
|c российский физик
|c профессор Томского политехнического университета
|f 1945-
|g Александр Петрович
|3 (RuTPU)RU\TPU\pers\15853
|4 727
|9 5531
|
| 712 |
0 |
2 |
|a Национальный исследовательский Томский политехнический университет (ТПУ)
|b Физико-технический институт (ФТИ)
|b Кафедра прикладной физики (№ 12) (ПФ)
|b Инновационная международная научно-образовательная лаборатория "Фотон" (ИМНОЛ "Фотон")
|3 (RuTPU)RU\TPU\col\20731
|
| 801 |
|
2 |
|a RU
|b 63413507
|c 20180109
|g RCR
|
| 856 |
4 |
|
|u http://earchive.tpu.ru/handle/11683/43222
|
| 942 |
|
|
|c CF
|